Two Degrees of Separation - Germany Quiz Stats

 Plays Quiz Updated Jun 26, 2018

Support Sporcle.
Go Orange.
Score 0/14 Timer 02:00
1 Play Today
Countries % Correct
Italy
94.2%
Spain
93.4%
Hungary
84.3%
Russia
83.8%
Slovakia
83.3%
Slovenia
80.7%
Lithuania
76.7%
Countries % Correct
Andorra
75.6%
Ukraine
74.5%
Belarus
74.3%
Liechtenstein
68.2%
Monaco
66.3%
Brazil
23.8%
Suriname
22.4%

You're not logged in!

Compare scores with friends on all Sporcle quizzes.
OR
Log In

From the Vault

Big 4 Perfect States

by sproutcm

The states may be perfect, but many of these teams aren't even close.
Remove Ads.
Support Sporcle.
Get the best of Sporcle when you Go Orange. This ad-free experience offers more features, more stats, and more fun while also helping to support Sporcle. Thank you for becoming a member.

Show Comments

Extras

Top Quizzes Today


Score Distribution

Your Account Isn't Verified!

In order to create a playlist on Sporcle, you need to verify the email address you used during registration. Go to your Sporcle Settings to finish the process.

Report this User

Report this user for behavior that violates our Community Guidelines.

Details: